[Event "Bundesliga 0203"]
[Site "Germany"]
[Date "2002.12.14"]
[Round "5.8"]
[White "De Firmian, Nick E"]
[Black "Muse, Drazen"]
[Result "1/2-1/2"]
[WhiteElo "2551"]
[BlackElo "2432"]
[Annotator "Kostakiev,D"]
[PlyCount "67"]
[EventDate "2002.10.19"]
[EventType "team-tourn"]
[EventRounds "15"]
[EventCountry "GER"]
[SourceTitle "CBM 093"]
[Source "ChessBase"]
[SourceDate "2003.04.01"]
[SourceVersion "1"]
[SourceVersionDate "2003.04.01"]
[SourceQuality "1"]
[WhiteTeam "Luebeck"]
[BlackTeam "Kreuzberg"]
[WhiteTeamCountry "GER"]
[BlackTeamCountry "GER"]

{Inspite of the final draw result , the novelty 22...Bf8 does not suggest much
confidence.} 1. e4 c5 2. Nf3 d6 3. d4 cxd4 4. Nxd4 Nf6 5. Nc3 g6 6. Be3 Bg7 7.
f3 Nc6 8. Qd2 O-O 9. O-O-O Nxd4 (9... d5 $5 {is a very large evergreen branch
of the theory. The statistic is favorable for Black.}) ({An often mistake
according to Vitolinsh is:} 9... Bd7 $2 10. Be2 $1 {/\ h4,g4!}) 10. Bxd4 Be6
11. Kb1 Qc7 12. Nd5 Bxd5 13. exd5 {[BB>NB]} Rfc8 14. Rc1 Qd7 15. g4 b5 16. h4
Qb7 17. c4 bxc4 (17... Rc7 18. g5 $2 (18. h5 bxc4 19. hxg6 hxg6 20. Bxc4 $14)
18... Nh5 $15 {0-1 Pinto,M-Kaliksteyn,A/Boston 2001/CBM 83 ext (39)}) 18. Bxc4
Rc7 (18... Nxd5 19. Bxg7) 19. Bb3 Rac8 20. Rxc7 Rxc7 21. h5 Qb5 22. h6 Bf8 $6
$146 ({Better is to keep B on the big diagonal:} 22... Bh8 23. g5 Nd7 24. Bxh8
Kxh8 25. Qd4+ Ne5 26. Rd1 $11 {The Pd5 is obstacle for Bb3. Mueller,K-Reschke,
S/Germany 1995/GER-chT/1/2-1/2 (42)} (26. f4 Qd3+ 27. Qxd3 Nxd3 28. Rf1 $11))
23. Bc3 Nd7 (23... a5 $5 24. Bxa5 Rc5 $14) 24. g5 $16 Nc5 {[#]} 25. Bc2 $6 (25.
Qd4 $5 Qd3+ (25... f6 26. Bc2 (26. gxf6 Nxb3 27. axb3 exf6 28. Qxf6 Qd3+ 29.
Ka1 Qa6+ $11) 26... Nd7 27. f4 $16) 26. Qxd3 Nxd3 27. Rh4 f6 $140 28. Rc4 Rxc4
29. Bxc4 Ne5 30. Be2 $5 (30. Bxe5 fxe5 $16 31. b4 (31. Kc2 e6 32. b4) 31... e6
32. b5 Be7 33. a4 Bxg5 34. a5 Be3 35. dxe6 Kf8 36. Bd5) 30... fxg5 31. Bd4 a5 (
31... Kf7 32. Bxa7) 32. Bc3 (32. a4 e6 (32... Kf7) 33. b4 axb4 34. dxe6 Bxh6
35. a5 $18) 32... Kf7) 25... Na4 (25... e5 $5 $11) 26. Bxa4 $16 Qxa4 27. b3 Qd7
28. Kb2 Qf5 29. f4 f6 30. Rd1 Kf7 31. Qd4 Rc5 32. b4 Rc7 33. Kb3 (33. Re1 a5
34. bxa5 Rb7+ 35. Ka1 Rc7 $16) 33... Ke8 34. Qd3 ({If White likes to play for
wining yet} 34. Qe3 $5 $14 {should be taken in considerations}) 1/2-1/2

[Event "Moscow op"]
[Site "Moscow"]
[Date "1995.??.??"]
[Round "2"]
[White "Kudrin, Sergey"]
[Black "Golubev, Mikhail"]
[Result "1/2-1/2"]
[WhiteElo "2540"]
[BlackElo "2570"]
[Annotator "Kudrin,S"]
[PlyCount "108"]
[EventDate "1995.??.??"]
[EventType "swiss"]
[EventRounds "9"]
[EventCountry "RUS"]
[SourceTitle "EXT 2000"]
[Source "ChessBase"]
[SourceDate "1999.11.16"]
[SourceVersion "1"]
[SourceVersionDate "1999.11.16"]
[SourceQuality "1"]

1. e4 c5 2. Nf3 d6 3. d4 cxd4 4. Nxd4 Nf6 5. Nc3 g6 6. Be3 Bg7 7. f3 O-O 8. Qd2
Nc6 9. O-O-O d5 10. exd5 Nxd5 11. Nxc6 bxc6 12. Bd4 e5 13. Bc5 Be6 14. Ne4 Re8
15. h4 h5 $5 16. Bc4 (16. g4 $13) 16... a5 17. a4 Nf4 18. Qxd8 Raxd8 19. Rxd8
Rxd8 20. Bxe6 Nxe6 21. Bb6 Rb8 $6 (21... Ra8 $14) 22. Bxa5 Ra8 23. b4 c5 24. c3
cxb4 25. cxb4 Nd4 26. Rd1 f5 27. Nc5 (27. Ng5 $14) 27... Nc6 28. Bc7 Nxb4 29.
Rd8+ (29. Rd7 $5) 29... Rxd8 30. Bxd8 Nc6 $2 (30... Bf8 $11) 31. Bb6 $18 Bh6+
32. Kc2 Be3 33. Kd3 Bf2 34. Nd7 Bxh4 35. Kc4 Be1 36. Kc5 Nd4 37. Nxe5 Ne6+ 38.
Kd6 $2 (38. Kc4 Nf4 39. Nd3 $18) 38... Nf4 39. a5 Bxa5 40. Bxa5 Nxg2 41. Nxg6
h4 42. Bb6 h3 43. Bg1 Ne3 44. Nf4 Nc4+ 45. Ke6 Nd2 46. Nxh3 Nxf3 47. Bf2 Nd2
48. Kxf5 Kf7 49. Ng5+ Ke7 50. Ke5 Nc4+ 51. Kd5 Nd6 52. Nf3 Nf7 53. Be3 Kf6 54.
Bb6 Kf5 1/2-1/2

[Event "RUS-chT 04th"]
[Site "Azov"]
[Date "1996.??.??"]
[Round "1"]
[White "Bologan, Viktor"]
[Black "Motylev, Alexander"]
[Result "1-0"]
[WhiteElo "2600"]
[BlackElo "2375"]
[Annotator "Makarichev,S"]
[PlyCount "81"]
[EventDate "1996.??.??"]
[EventType "team-tourn"]
[EventRounds "7"]
[EventCountry "RUS"]
[SourceTitle "CBM 056 Extra"]
[Source "ChessBase"]
[SourceDate "1997.03.01"]
[SourceVersion "1"]
[SourceVersionDate "1997.03.01"]
[SourceQuality "1"]
[WhiteTeam "Kazan Sberbank-Tatarstan"]
[BlackTeam "Ekaterinburg Agat"]
[WhiteTeamCountry "RUS"]
[BlackTeamCountry "RUS"]

1. e4 c5 2. Nf3 d6 3. d4 cxd4 4. Nxd4 Nf6 5. Nc3 g6 6. Be3 Bg7 7. f3 O-O 8. Qd2
Nc6 9. O-O-O d5 10. Qe1 e5 11. Nxc6 bxc6 12. exd5 Nxd5 (12... cxd5 $5 13. Bg5
Be6 14. Bc4 Qc7 15. Bxf6 dxc4 16. Bxg7 Kxg7 17. Qe3 (17. Nd5 $142 $1 $14) 17...
Rab8 18. Ne4 Rb6 $15 {Timman,J-Hodgson,J/Groningen/1996/}) 13. h4 $5 {N} (13.
Bc4 Be6 $13) 13... Rb8 14. h5 Qe7 $1 (14... Be6 $6 15. hxg6 hxg6 (15... fxg6
16. Ne4 $16) 16. Ne4 $16) (14... Qa5 $4 15. Nxd5 Qxe1 16. Ne7+ $18) 15. hxg6
hxg6 16. Rxd5 $1 (16. Nxd5 $2 cxd5 17. Rxd5 Be6 18. Rb5 Rxb5 (18... Bxa2 $6 19.
Bc5 Qg5+ 20. Qe3 $14) 19. Bxb5 Rb8 20. Qa5 e4 $1 $40 21. fxe4 $140 a6 $1 22.
Qxa6 Qb4 $17) 16... cxd5 17. Nxd5 Qd8 $1 $8 (17... Qd6 $2 18. Qh4 Re8 19. Qh7+
Kf8 20. Bh6 Qxd5 21. Bxg7+ $1 (21. Qxg7+ Ke7 22. Bg5+ Kd7 $13) 21... Ke7 22.
Qh4+ Kd7 23. Bc4 $16) 18. Bc5 $1 {/\Nd5-e7} Re8 $8 (18... Qxd5 $2 19. Qh4 f6
20. Bc4 $18) 19. Qd2 (19. Ne7+ $5 Rxe7 20. Qh4 f6 $1 $8 (20... Rbb7 $2 21. Ba6
$1 $16 Rbc7 22. Bxe7 Qxe7 23. Qxe7 Rxe7 24. Bxc8 $16) (20... Kf8 $2 21. Qh8+
Bxh8 22. Rxh8+ Kg7 23. Rxd8 Rd7 24. Bd6 $1 Rxd8 25. Bxe5+ f6 26. Bxb8 Ba6 27.
Bxa6 Rxb8 $14) 21. Qh7+ (21. Bc4+ Be6 $19) 21... Kf7 22. Rh6 $1 $132 Bf5 23.
Bc4+ (23. g4 $5 Qa5 $17 (23... Rd7 $4 24. Bc4+ $18)) 23... Ke8 (23... Re6 $2
24. Bxe6+ $1) 24. Rh1 $5 (24. Qg8+ Kd7 25. Qd5+ Kc7 $17) 24... Bf8 25. Qg8 Qc7
26. Bxe7 $1 (26. Rh8 $6 Qxc5 27. Qxf8+ Kd7 28. Qxb8 Qxc4 $17) 26... Qxe7 27. g4
$40 (27. Rh7 Qb4 28. Qf7+ Kd8 29. Qd5+ Bd6 30. b3 $15)) 19... Bd7 (19... Be6 $6
20. Ne7+ Rxe7 21. Qxd8+ Rxd8 22. Bxe7 $16) (19... e4 $2 20. Ne7+ $18) 20. g4 {
/\Qd2-h2} e4 $8 21. Bd4 e3 $1 (21... Be6 $4 22. Bxg7 Qxd5 23. Qxd5 Bxd5 24. Bf6
$18) 22. Qc3 (22. Nxe3 $2 Bc6 23. Bxg7 Qxd2+ 24. Kxd2 Kxg7 $17) 22... Qg5 {
/\e3-e2-e1Q} 23. Be2 (23. Kb1 $4 Qxd5 24. Bxg7 Qd1#) 23... Qxd5 24. Bxg7 Qd2+
25. Kb1 $1 $8 Qxc3 26. Bxc3 f6 (26... Kf8 $4 27. Bf6 $18) 27. Bxf6 Bb5 28. c4
Bc6 29. Kc2 $16 Rb7 30. Bd4 a5 (30... Rh7 $2 31. Rxh7 Kxh7 32. Bxa7 $18) 31.
Kd3 a4 32. Rh8+ Kf7 33. Rxe8 Kxe8 34. Kxe3 Re7+ 35. Kf2 Bd7 36. Bd3 Kf7 37. b4
axb3 38. axb3 Be6 39. b4 Re8 40. b5 Rc8 41. b6 $1 (41. b6 Bxc4 42. b7) 1-0

[Event "Malakoff op 09th"]
[Site "Malakoff"]
[Date "2009.04.15"]
[Round "7"]
[White "Sanchez, Joseph"]
[Black "Onkoud, Abdelaziz"]
[Result "1-0"]
[WhiteElo "2483"]
[BlackElo "2377"]
[Annotator "Malakoff/Primel,D"]
[PlyCount "59"]
[EventDate "2009.04.11"]
[EventType "swiss"]
[EventRounds "9"]
[EventCountry "FRA"]
[SourceTitle "EXT 2010"]
[Source "ChessBase"]
[SourceDate "2010.11.25"]
[SourceVersion "1"]
[SourceVersionDate "2010.11.25"]
[SourceQuality "1"]

1. e4 c5 2. Nf3 d6 3. d4 cxd4 4. Nxd4 Nf6 5. Nc3 g6 6. Be3 Bg7 7. Qd2 {un
ordre de coups assez rare} (7. f3) 7... Nc6 {retombe sur les grandes lignes
alors que Ng4 pouvait essayer de profiter de l'ordre de coups des blancs} (7...
Ng4 $5 8. Bg5 Nc6 (8... h6) 9. Nxc6 (9. Nb3) 9... bxc6 10. h3 h6 $146 11. Bf4
g5 12. Bg3 Ne5 $11 {Socko,B (2631)-Gashimov,V (2723) Gibraltar Masters 7th
2009 (5) 1/2}) 8. f3 O-O 9. O-O-O (9. Bc4 {[%csl Gd5]}) 9... Nxd4 (9... d5 {
normalement également la meilleure ligne pour les noirs lorsque les blancs
n'ont pas joué Bc4}) 10. Bxd4 Be6 11. Kb1 Qc7 12. Nb5 $5 {Une ligne secondaire
imaginée par SOKOLOV et qui est devenue assez populaire récemment} (12. h4 $142
) (12. Bd3 $143 Rfc8 13. h4 Qa5 14. a3 Rab8 15. h5 a6 16. hxg6 hxg6 17. Rh2 b5
18. Rdh1 b4 19. Nd5 Bxd5 20. exd5 Qa4 21. Rh7 Nxh7 22. Bxg7 Kxg7 23. Qh6+ Kf6
24. Qf4+ Kg7 {1-0 Sanchez,J (2435)-Comte,F (2180)/France 2006/EXT 2006}) 12...
Qd7 (12... Qc6 13. Be3 {Shabalov,A (2606)-Almeida Saenz,A (2429) Chicago op
16th 2007 (6) 1-0}) (12... Qc8 13. g4 (13. Nxa7 $2 Qb8 {[%cal Ga8a7]} 14. Nb5
Bxa2+ $40) 13... a6 14. Nc3 Qc6 (14... b5 15. h4 $14) 15. h4 $14) ({RR} 12...
Qb8 13. g4 a6 14. Nc3 b5 15. h4 Rc8 16. h5 Qc7 17. hxg6 hxg6 18. g5 Nh5 19.
Bxg7 Kxg7 20. f4 Qc5 21. f5 Bc4 22. Bxc4 bxc4 23. Nd5 c3 24. f6+ exf6 25. gxf6+
Kf8 26. Qh6+ Ke8 27. e5 {Sokolov,A (2552)-Hartikainen,M (2286)/Cappelle la
Grande 2009/Mega2009 Update 10/1-0 (45)}) 13. g4 Rfc8 $146 ({RR} 13... a6 14.
Nc3 Qc7 15. g5 Nd7 16. Bxg7 Kxg7 17. Nd5 Bxd5 18. exd5 Qc5 19. h4 Rfc8 20. Bh3
Rc7 21. Bxd7 Rxd7 22. h5 Rc7 23. Rh2 Rg8 24. Re1 Kf8 25. a3 Qc4 26. h6 Ke8 27.
Rhe2 Kd8 28. Re4 {Luther,T (2569)-Stolz,M (2385)/Osterburg 2006/CBM 112/1-0 
(49)}) 14. h4 Bc4 $6 {semble trop lent et après Bf1,Rf1, les blancs seront
mieux développés} (14... a6 $142 15. Nc3 h5 $5 {[%cal Gb7b5]} (15... b5 $143
16. h5 $40 {[%cal Gd2h2,Gh5g6]})) 15. Nc3 Bxf1 16. Rhxf1 Rc4 {[%cal Gc4d4,
Gf6e4,Gg7d4]} 17. Ne2 $1 Rac8 18. c3 $16 b5 19. h5 $36 Qb7 (19... b4 $5 20.
cxb4 (20. hxg6) 20... Qb5 21. Bc3 Nd7 22. hxg6 hxg6 23. Bxg7 Kxg7) 20. hxg6
hxg6 21. g5 $6 Nh5 {[%csl Gh5]} 22. Bxg7 Kxg7 23. b3 R4c6 24. Rh1 (24. f4 $142
{le plan f4f5 parait plus logique dans cette position} a5 (24... Rc5 25. Qd4+
Kg8 26. Qe3 (26. f5 Re5 $132) 26... a5 27. f5 Re5 28. fxg6 fxg6 29. Rd4 {
[%cal Ge3f3,Gf3f7]} a4 30. Qf3 $40 {[%csl Rf7]}) 25. Qd4+ Kg8 26. f5 {[%csl
Gf1]}) 24... Qb6 $6 25. Nf4 $1 $40 {[%csl Rh5]} e6 $2 26. Nxh5+ gxh5 27. Qf4
$18 {[%csl Rf6]} Rxc3 28. Rxh5 Kg8 29. g6 $1 fxg6 30. Qg5 1-0

[Event "World Cup"]
[Site "Khanty-Mansiysk"]
[Date "2009.11.21"]
[Round "1.1"]
[White "Dominguez Perez, Leinier"]
[Black "Smerdon, David"]
[Result "1/2-1/2"]
[WhiteElo "2719"]
[BlackElo "2525"]
[Annotator "Marin,M"]
[PlyCount "68"]
[EventDate "2009.11.21"]
[EventType "k.o."]
[EventRounds "7"]
[EventCountry "RUS"]
[SourceTitle "CBM 134"]
[Source "ChessBase"]
[SourceDate "2010.01.18"]
[SourceVersion "1"]
[SourceVersionDate "2010.01.18"]
[SourceQuality "1"]

1. e4 c5 2. Nf3 d6 3. d4 cxd4 4. Nxd4 Nf6 5. Nc3 g6 6. Be3 Bg7 7. f3 O-O 8. Qd2
Nc6 9. O-O-O d5 10. exd5 Nxd5 11. Nxc6 bxc6 12. Bd4 Nxc3 13. Qxc3 Bh6+ 14. Be3
Bxe3+ 15. Qxe3 Qb6 16. Qxe7 Be6 17. Bd3 {A rare move.} (17. Qa3 {is the main
continuation.}) 17... Qe3+ {This was considered to be insufficient.} (17... c5
$6 $146 {Petrosian,T (2629)-Li,C (2622)/Dresden 2008/CBM 128/[Schulz,A] (1-0,
51)}) (17... Bxa2 {Adams,M (2715)-Karr,J (2300)/France 2000/EXT 2003 (1/2, 35)}
) 18. Rd2 Rfe8 $5 $146 ({Previously,} 18... c5 19. Qh4 {had been played in a
few games, all won by White.}) 19. Qh4 Bxa2 20. Qf2 Qe5 21. Be4 Rab8 $132 {
The unsafe position of the white king compensates for Black's weakened
structure. Slightly later, Black will even avoid a repetition of moves.} 22.
Qd4 Qa5 23. Rd3 Qg5+ 24. Rd2 Red8 25. Qc3 Rxd2 26. Qxd2 Qf6 27. c3 Rd8 28. Qe3
Qe5 29. g3 Bb3 30. Re1 Qa5 31. Bb1 Qa1 32. Qe7 Qa5 33. Qe3 Qa1 34. Qe7 Qa5
1/2-1/2

[Event "Badalona op"]
[Site "Badalona"]
[Date "1995.??.??"]
[Round "7"]
[White "Korneev, Oleg"]
[Black "Marin, Mihail"]
[Result "1/2-1/2"]
[WhiteElo "2540"]
[BlackElo "2540"]
[Annotator "Marin,M"]
[PlyCount "50"]
[EventDate "1995.08.??"]
[EventType "swiss"]
[EventRounds "9"]
[EventCountry "ESP"]
[SourceTitle "CBM 049 Extra"]
[Source "ChessBase"]
[SourceDate "1996.01.01"]
[SourceVersion "1"]
[SourceVersionDate "1996.01.01"]
[SourceQuality "1"]

1. e4 c5 2. Nf3 d6 3. d4 cxd4 4. Nxd4 Nf6 5. Nc3 g6 6. Be3 Bg7 7. f3 Nc6 8. Qd2
O-O 9. O-O-O d5 10. exd5 Nxd5 11. Nxc6 bxc6 12. Bd4 e5 13. Bc5 Be6 14. Ne4 Re8
15. h4 h6 16. g4 Qc7 17. g5 h5 18. Bc4 Red8 19. Qf2 a5 20. a4 Qb7 21. b3 Kh7
22. Rd2 Nf4 23. Bxe6 Nxe6 24. Bd6 Nd4 25. Rhd1 Rxd6 (25... Rxd6 26. Nxd6 Qb4
27. Nxf7 $1 {(/\ 28.Nxe5 Bxe5 29.Rxd4)} (27. Ne4 Qa3+ (27... c5 $40) 28. Kb1
Rb8 $40) (27. Nc4 Qc3 {(/\28...Nxb3+)} 28. Rxd4 (28. Kb1 Rb8 {(/\29...Qxc4)}
29. Nb2 (29. Rxd4 exd4 30. Nb2 d3 31. cxd3 Rxb3 $40) 29... e4 30. Rxd4 e3 31.
Qe1 Bxd4 32. Qxc3 Bxc3 33. Nd3 e2 34. Rg1 Rd8 $19) 28... exd4 29. Rd3 $8 Qa1+
30. Kd2 Re8 (30... Bf8 31. Qxd4 Bb4+ 32. c3 Qa2+ 33. Ke1 Re8+ 34. Re3 Qa1+ 35.
Kd2 Qa2+ $10) 31. Nd6 $8 (31. Nxa5 Bf8 32. Qxd4 Qe1#) 31... Re6 32. Ne4 $15)
27... Qc3 (27... c5 28. Nd6 e4 29. Rxd4 Bxd4 30. Rxd4 cxd4 31. Nxe4 $44) 28.
Rxd4 exd4 {(/\29...Bf8)} 29. Nd6 Qa1+ 30. Kd2 Qc3+ 31. Kc1 $10) 1/2-1/2

[Event "Odorheiu Secuiesc zt"]
[Site "Odorheiu Secuiesc"]
[Date "1995.??.??"]
[Round "6"]
[White "Groszpeter, Attila"]
[Black "Marin, Mihail"]
[Result "1/2-1/2"]
[WhiteElo "2520"]
[BlackElo "2540"]
[Annotator "Marin,M"]
[PlyCount "92"]
[EventDate "1995.03.??"]
[EventType "swiss"]
[EventRounds "9"]
[EventCountry "ROU"]
[SourceTitle "CBM 047"]
[Source "ChessBase"]
[SourceDate "1995.08.01"]
[SourceVersion "1"]
[SourceVersionDate "1995.08.01"]
[SourceQuality "1"]

1. e4 {Ernst} c5 2. Nf3 d6 3. d4 cxd4 4. Nxd4 Nf6 5. Nc3 g6 6. Be3 Bg7 7. f3
Nc6 8. Qd2 O-O 9. O-O-O d5 10. exd5 Nxd5 11. Nxc6 bxc6 12. Bd4 e5 13. Bc5 Be6
14. Ne4 Re8 15. h4 h6 16. g4 Qc7 {[#]} 17. g5 (17. h5 {Ernst} g5 18. Qe1 Red8
19. Rh2 Rd7 (19... Nf4 20. Rhd2 Bd5 21. c4 Bxe4 22. Qxe4 Ne6 $6 (22... Rxd2 23.
Rxd2 $16) 23. Rxd8+ Rxd8 24. Rxd8+ Qxd8 25. Qxc6 $16 {Svensson,B-Ernst,Thomas/
Sweden/1984}) 20. Rhd2 Rad8 21. Bc4 Kh8 (21... Nf4 $142 22. Bxe6 Nxe6 $14) 22.
Ba3 Nf4 {Wedberg,T-Ernst,T/Sweden/1984} 23. Rxd7 Rxd7 {Wedberg,T-Ernst,T/
Sweden/1984} 24. Rxd7 $1 Bxd7 (24... Qxd7 25. Nc5 Qd4 26. Bxe6 $16) 25. Bxf7
Bxg4 26. fxg4 Qxf7 27. Qa5 $16) 17... h5 18. Bc4 Red8 19. Qf2 {[#]} (19. Qe1 {
Ernst} Nf4 $5 (19... a5 $6 20. a4 {>< a5} Rab8 21. Rh2 $16 {Hellers,F-Ernst,T/
Sweden/1984}) (19... Ne3 $2 20. Rxd8+ Rxd8 21. Bxe6 Rd1+ 22. Qxd1 Nxd1 23. Bc4
$18)) 19... a5 (19... Nf4 {Ernst Komljenovic}) 20. a4 Qb7 21. b3 (21. Rd3 Nf4
22. Rxd8+ Rxd8 23. Bxe6 Nxe6 24. Bd6 Nd4 25. Rd1 Qd7 26. c3 {1/2 Psahis,
L-Marin,M Andorra 1994 1/4/Psakhis,L-Marin,M/Andorra/1994}) 21... Nf4 {><d4}
22. Bxe6 (22. Rxd8+ Rxd8 23. Bb6 Rd5 $5 24. Bxd5 cxd5 $44 25. Nf6+ Bxf6 26.
gxf6 d4 27. Bxa5 Bxb3) 22... Nxe6 23. Rd6 (23. Nf6+ Bxf6 24. gxf6 Rd5 25. Rxd5
cxd5 26. Bd6 Rc8 27. Kb2 Nd4 28. Rc1 Qc6 29. Bxe5 Nxb3 30. Kxb3 Qc4+ 31. Ka3
Qb4+ 32. Ka2 Qxa4+ 33. Kb1 Rb8+ 34. Bb2 (34. Bxb8 Qb4+ $10) 34... Rxb2+ 35.
Kxb2 Qb4+ $10) 23... Rxd6 (23... Nd4 24. Rd1 {(/\Rd3, f4)} (24. Bxd4 exd4 25.
Rxd8+ Rxd8 $15) 24... Nxb3+ $6 {(Groszpeter)} 25. cxb3 Rxd6 26. Rxd6 Qxb3 27.
Qc2 $16) 24. Nxd6 (24. Bxd6 {Ernst}) 24... Qe7 25. Ne4 Nxc5 26. Qxc5 (26. Nxc5
$5 f5 (26... e4 27. Nxe4 Qa3+ 28. Kd2 Rd8+ 29. Ke2 Qb2 30. Qc5) 27. gxf6 Qxf6
28. Ne4 Qf4+ 29. Kb1 Rf8 30. Rf1) 26... Qxc5 27. Nxc5 f6 $15 (27... f5 28. Rd1)
28. Kd2 (28. Rd1 fxg5 29. hxg5 Rf8 30. Rd3 Rf5 31. Ne4 h4 $17) 28... Kf7 29.
Ke3 fxg5 (29... Bf8 30. Nd7 fxg5 31. Nxe5+ Ke6 32. Ke4 $1 $16) 30. hxg5 Bf8 31.
Nd3 (31. Ne4 Ke6 {/\Be7=/+}) 31... Ke6 32. Rh4 Bd6 (32... Be7 33. Rc4 Bxg5+ 34.
Ke4 $16) 33. Rc4 Kd5 34. Re4 Rb8 $1 (34... Rf8 35. c4+ Ke6 36. c5 Bc7 37. b4)
35. f4 (35. c4+ Ke6 36. c5 Bc7) 35... exf4+ 36. Kf3 {(/\c4#)} (36. Nxf4+ Bxf4+
37. Rxf4 Re8+ 38. Kf3 Re5) 36... c5 37. Nxf4+ Bxf4 38. Rxf4 Rb6 (38... Re8 $5
39. Rf7 (39. Rf6 Re6) 39... Re5 40. Ra7 Rxg5 41. Rxa5 $13) 39. Rf8 c4 40. Rd8+
Ke6 (40... Kc5 41. Rc8+ Rc6 42. Ra8 cxb3 43. cxb3 Kb4 44. Rxa5 Kxb3 45. Ra8 Rc5
46. a5 Rxg5 47. a6 Ka4 48. a7 Ra5 49. Rg8 $10) 41. bxc4 Rb4 $6 (41... Rc6 42.
Ra8 Rxc4 43. Rxa5 Rxc2 44. Ra6+ Kf5 45. Ra5+ $10) 42. c5 Rc4 43. Rd6+ Kf5 44.
Rd5+ Ke6 45. Rd6+ Kf5 46. Rd5+ Ke6 1/2-1/2

[Event "Badalona op"]
[Site "Badalona"]
[Date "1995.??.??"]
[Round "5"]
[White "Hansen, Sune Berg"]
[Black "Marin, Mihail"]
[Result "0-1"]
[WhiteElo "2460"]
[BlackElo "2540"]
[Annotator "Marin,M"]
[PlyCount "60"]
[EventDate "1995.08.??"]
[EventType "swiss"]
[EventRounds "9"]
[EventCountry "ESP"]
[SourceTitle "CBM 049 Extra"]
[Source "ChessBase"]
[SourceDate "1996.01.01"]
[SourceVersion "1"]
[SourceVersionDate "1996.01.01"]
[SourceQuality "1"]

1. e4 c5 2. Nf3 d6 3. d4 cxd4 4. Nxd4 Nf6 5. Nc3 g6 6. Be3 Bg7 7. f3 Nc6 8. Bc4
O-O 9. Qe2 Na5 10. Bd3 e5 $6 (10... Bd7) 11. Nb3 Be6 12. O-O Rc8 13. Nxa5 Qxa5
14. Nb5 d5 15. Nxa7 Rcd8 (15... Ra8 16. Nb5 dxe4 17. fxe4 Bg4 18. Qe1 Nxe4 19.
b4) 16. Nb5 dxe4 (16... Rd7) 17. fxe4 Rxd3 18. Qxd3 Rd8 19. Qe2 Bg4 20. Qc4 Rc8
21. Qd3 Rd8 22. Qb3 Be6 (22... Be2 23. Nc3 $16) 23. c4 Ng4 $5 (23... Nxe4) 24.
Bc5 (24. Bf2 Bf8 25. Kh1 Rc8 $132) 24... Rc8 25. Qa3 Qd2 (25... Qxa3 26. Bxa3
Bxc4 27. Rac1 (27. Rfc1 Bh6 28. Nd6 Be3+ 29. Kh1 Nf2+ 30. Kg1 Ng4+ $10) (27.
Nd6) 27... Bh6 28. Nd6 Be3+ 29. Kh1 Bxf1 30. Rxc8+ Kg7 $16) 26. Nd6 Rxc5 27.
Qxc5 Bh6 (27... Bf8 28. Rad1 Bxd6 29. Qxd6 Qh6 30. h3 Ne3 31. Qxe5) 28. Qc7 (
28. Qa3 $2 Be3+ 29. Kh1 Nf2+ 30. Rxf2 Qxf2 {/\Bh3}) 28... Bf8 29. Nxf7 (29.
Rad1 Qe3+ 30. Kh1 Nf2+ 31. Rxf2 Qxf2 {/\Bh3}) 29... Qxb2 30. Ng5 $4 (30. Rad1
$18 {/\ 31.Nh6+ Nxh6 32.Rxf8+ +-}) 30... Qd4+ (30... Qd4+ 31. Kh1 (31. Rf2
Qxa1+ 32. Rf1 Qd4+) 31... Nf2+ 32. Rxf2 (32. Kg1 Nh3+ 33. Kh1 Qg1+) 32... Qxa1+
$19) 0-1

[Event "Goodricke op 08th"]
[Site "Kolkata"]
[Date "1997.??.??"]
[Round "6"]
[White "Ehlvest, Jaan"]
[Black "Marin, Mihail"]
[Result "1-0"]
[WhiteElo "2635"]
[BlackElo "2545"]
[Annotator "Marin,M"]
[PlyCount "81"]
[EventDate "1997.02.??"]
[EventType "swiss"]
[EventRounds "11"]
[EventCountry "IND"]
[SourceTitle "CBM 059"]
[Source "ChessBase"]
[SourceDate "1997.08.01"]
[SourceVersion "1"]
[SourceVersionDate "1997.08.01"]
[SourceQuality "1"]

1. Nf3 c5 2. e4 d6 3. d4 cxd4 4. Nxd4 Nf6 5. Nc3 g6 6. f3 Bg7 7. Be3 Nc6 8. Qd2
O-O 9. O-O-O d5 10. exd5 Nxd5 11. Nxc6 bxc6 12. Bd4 e5 13. Bc5 Be6 14. Ne4 Re8
15. h4 h6 16. g4 Qc7 17. g5 h5 18. Bc4 Red8 19. Qf2 a5 20. a4 Qb7 21. Rhe1 $1 {
N} (21. Rd2 Rab8 22. Bb3 Nf4 23. Rxd8+ Rxd8 24. Bxe6 Nxe6 $13 {Psakhis-Marin
Andorra 1994}) (21. b3 Nf4 (21... Kh7 {Korneev-Marin, Badalona 1995}) 22. Bxe6
Nxe6 23. Rd6 $13 {Groszpeter-Marin, Zonal 1995}) 21... Rab8 22. b3 Nf4 (22...
Kh8 $5) 23. Bxe6 Nxe6 24. Nf6+ $1 Bxf6 25. gxf6 Rd5 $5 (25... Nxc5 26. Qxc5
Rxd1+ 27. Rxd1 Qb4 28. Qxe5 $18) 26. Bd6 Rd8 $6 (26... Rc8 $142 $1 27. Bxe5 (
27. Rxe5 Rxd1+ 28. Kxd1 Rd8) 27... c5 28. Rxd5 Qxd5 $44) 27. Bxe5 Qb4 28. Rxd5
$8 cxd5 29. Bb2 $1 d4 {[#]} 30. Rxe6 $1 (30. Qd2 Kh7 31. Qxb4 axb4 32. Re5 g5
33. hxg5 Kg6 $132) 30... fxe6 31. Qg3 Kf8 (31... Kf7 32. Qc7+ Kxf6 33. Qxd8+
$18) (31... Kh7 32. Qc7+ Kh6 33. Qg7#) (31... Kh8 32. Kb1 Qb7 33. Qxg6 $16) 32.
Kb1 Qb7 (32... d3 33. Qc7 dxc2+ 34. Ka2 $18) 33. Qxg6 Qf7 34. Ba3+ Ke8 35. Qh6
e5 (35... d3 36. cxd3 Rxd3 37. Be7 $3 (37. Kc2 Rd5 38. Be7 Kd7 $14) 37... Rd5 (
37... Rxb3+ 38. Kc2 {+-, צb3}) (37... Kd7 38. Qg7 $1 Qxg7 39. fxg7 Rd1+ 40.
Kc2 Rg1 41. Bg5 $18) 38. Qh8+ Kd7 39. Qd8+ Kc6 40. Qc8+ Kb6 41. Qb8+ Kc6 42.
Qa8+ Kc7 (42... Kb6 43. Bd8+) 43. Qa7+ Kc8 44. Qa6+ Kc7 45. Bd6+ $1 $18) 36.
Qg5 Rd5 37. Qf5 Kd8 38. f4 d3 $2 $138 (38... exf4 39. Be7+ Kc7 40. Qxf4+ $16)
39. cxd3 Rd4 $2 40. Be7+ Kc7 41. Qxe5+ 1-0